[Event "FRA-ch op-D"]
[Site "Nancy"]
[Date "2013.08.23"]
[Round "11"]
[White "Coiffait, Claire Alix"]
[Black "Ellis, Antoine"]
[Result "1-0"]
[WhiteElo "1436"]
[BlackElo "1290"]
[PlyCount "111"]
[EventDate "2013.08.11"]
[EventType "swiss"]
[EventRounds "11"]
[EventCountry "FRA"]
[SourceTitle "CBM 156 Extra"]
[Source "ChessBase"]
[SourceDate "2013.10.22"]
[SourceVersion "1"]
[SourceVersionDate "2013.10.22"]
[SourceQuality "1"]

1. d4 d6 2. Nf3 Nf6 3. e3 Nbd7 4. Nbd2 e5 5. Bc4 Be7 6. c3 0-0 7. Qc2 c6 8. dxe5 dxe5 9. 0-0 Qc7 10. Rd1 b5 11. Be2 Bb7 12. Ne4 Rfd8 13. c4 Nxe4 14. Qxe4 c5 15. Qc2 b4 16. b3 Bf6 17. Bb2 e4 18. Bxf6 Nxf6 19. Ng5 h6 20. Nh3 g5 21. Qb2 Rd6 22. Rxd6 Qxd6 23. Rd1 Qe7 24. Kh1 g4 25. Nf4 Rd8 26. Rxd8+ Qxd8 27. Qe5 Qb6 28. Nh5 Nxh5 29. Qxh5 Qf6 30. Qxg4+ Kh7 31. Bd1 Qxf2 32. Qe2 Qxe2 33. Bxe2 Kg6 34. Kg1 Bc6 35. Kf2 a5 36. Kg3 Kg5 37. Bg4 f5 38. Be2 Be8 39. h4+ Kf6 40. Kf4 Bd7 41. g4 Kg6 42. gxf5+ Bxf5 43. Bg4 Bxg4 44. Kxg4 Kf6 45. Kf4 h5 46. Kxe4 Ke6 47. Kf4 Kf6 48. e4 Ke6 49. e5 Ke7 50. Kf5 Kf7 51. Kg5 Kg7 52. Kxh5 Kh7 53. Kg5 Kg7 54. e6 Kf8 55. Kf6 Ke8 56. e7 1-0

[Event "FRA-ch op-D"]
[Site "Nancy"]
[Date "2013.08.19"]
[Round "7"]
[White "Coiffait, Claire Alix"]
[Black "Courthaudon, Philippe"]
[Result "1/2-1/2"]
[WhiteElo "1436"]
[BlackElo "1499"]
[PlyCount "185"]
[EventDate "2013.08.11"]
[EventType "swiss"]
[EventRounds "11"]
[EventCountry "FRA"]
[SourceTitle "CBM 156 Extra"]
[Source "ChessBase"]
[SourceDate "2013.10.22"]
[SourceVersion "1"]
[SourceVersionDate "2013.10.22"]
[SourceQuality "1"]

1. d4 g6 2. Nf3 Bg7 3. e3 d6 4. Bd3 e6 5. Nbd2 Ne7 6. c3 Nd7 7. Qc2 b6 8. b3 Bb7 9. Bb2 a6 10. h4 h6 11. 0-0-0 c5 12. dxc5 Nxc5 13. Be2 Qc7 14. c4 Bxb2+ 15. Qxb2 0-0-0 16. Kb1 Kb8 17. Ka1 a5 18. Rc1 Nc6 19. Rhd1 Ne5 20. Ne1 h5 21. f4 Nc6 22. a3 e5 23. Bf3 exf4 24. exf4 Rhe8 25. Qc3 Ne6 26. Bxc6 Qxc6 27. g3 Rc8 28. Ndf3 Red8 29. a4 Qc5 30. Qb2 Rc7 31. Nd4 Nxd4 32. Rxd4 Qf5 33. Rcd1 Rcd7 34. Qf2 Kc7 35. Ng2 d5 36. Ne3 Qf6 37. Ka2 dxc4 38. Rxc4+ Kb8 39. Rxd7 Rxd7 40. Nc2 Qd8 41. Rd4 Rxd4 42. Nxd4 Qd5 43. Nb5 Qg2 44. Qxg2 Bxg2 45. Kb2 Bd5 46. Kc3 Kb7 47. Na3 Kc6 48. Nc2 Kc5 49. b4+ axb4+ 50. Nxb4 Be6 51. Nc2 Bd7 52. Kb3 Kd5 53. Kb4 Ke4 54. Na3 Kf3 55. Nc4 Kxg3 56. Nxb6 Bxa4 57. Nxa4 Kxf4 58. Kc4 Kg4 59. Kd4 Kxh4 60. Ke3 Kg3 61. Ke2 Kg2 62. Nc3 f5 63. Nd5 h4 64. Nf4+ Kg3 65. Nh5+ Kg2 66. Nf4+ Kg3 67. Nh5+ Kg4 68. Nf6+ Kg5 69. Nd5 h3 70. Kf3 f4 71. Kf2 Kg4 72. Nf6+ Kf5 73. Nd5 g5 74. Ne7+ Kg4 75. Nd5 f3 76. Nf6+ Kf5 77. Nh5 h2 78. Ng3+ Kg4 79. Nh1 Kf4 80. Ng3 g4 81. Nh1 Ke4 82. Ng3+ Kd3 83. Nh1 Ke4 84. Ng3+ Kf4 85. Nh1 Kg5 86. Ng3 Kh4 87. Nh1 Kg5 88. Ng3 Kg6 89. Nh1 Kh6 90. Ng3 Kg5 91. Nh1 Kh4 92. Ng3 Kh3 93. Nh1 1/2-1/2